000 00309nam a22001457a 4500
008 231124b ||||| |||| 00| 0 eng d
020 _a061330736
041 _aeng
080 _a618
082 _a618GIL
100 _a15
101 _aGJINEK
245 _aWOMEN ECONOMICS
_cGILMAN.P.CH
942 _2udc
_cBK
999 _c60529
_d60529